00472nam a22001817a 450000500170000001000150001702000260003203500140005803700090007208200060008110000280008724500440011525000060015926000310016527000570019630000200025350000170027320250326170405.0 aENG-144291 a9789355326058c350.00 aEN-127823 bDBAD 28 aKaruppiah, Sankarganesh aIndian Economy/cSankarganesh Karuppiah a8 aChennaibMcGraw Hillc2021 a5/90 A, Butt Road, St. Thomas MountbChennaie600016 a220p.c24cm(pb) aKey Concepts